000 00807nam a2200229Ia 4500
003 GCL
008 140319s9999 xx 000 0 ara d
040 _aGCL /
_cGCL
082 0 4 _a327.1973
_bع م
100 1 _aعاطف الغمرى
245 1 0 _aمن يحكم أمريكا ؟ :
_bجماعة الصقور ونظرتهم للعرب واسرائيل /
_cعاطف الغمرى
250 _aالاولى
260 _aالقاهرة :
_bالمكتب المصرى الحديث ،
_c2002
300 _a285 ص ؛
_c24 سم
650 0 4 _aالارهاب
650 0 4 _aالولايات المتحدة الامريكية
650 0 4 _aالسياسة الدولية
650 0 4 _aاسرائيل - التفاوض
650 0 4 _aاحداث 11 سبتمبر
650 0 4 _aبوش ( رئيس )
942 _2ddc
_cBK
999 _c6524
_d6524